Southville International School and Colleges
Your cart is empty.
  • Cart
  • Lists
    Public lists list_1 View all
    Your lists Log in to create your own lists
  • Log in to your account
  • Your cookies
  • Search history
Southville International School and Colleges
  • Advanced search
  • Recent comments
  • Most popular
  • Libraries

Log in to your account

Log in with GOOGLE


If you do not have an external account, but do have a local account, you can still log in:

  1. Home
  2. MARC view: Fight the bully battle :
Normal view MARC view ISBD view

Fight the bully battle : (Record no. 18009)

[ view plain ]
MARC details
000 -LEADER
fixed length control field 00609nam a22001937a 4500
003 - CONTROL NUMBER IDENTIFIER
control field OSt
005 - DATE AND TIME OF LATEST TRANSACTION
control field 20140310182956.0
008 - FIXED-LENGTH DATA ELEMENTS--GENERAL INFORMATION
fixed length control field 130207t xxu||||| |||| 00| 0 eng d
020 ## - INTERNATIONAL STANDARD BOOK NUMBER
International Standard Book Number 9710459681
050 ## - LIBRARY OF CONGRESS CALL NUMBER
Classification number LB 3013.3
Item number .P375 2009
100 ## - MAIN ENTRY--PERSONAL NAME
Personal name Penetrante, Marylendra A.
245 ## - TITLE STATEMENT
Title Fight the bully battle :
Remainder of title (a guidebook in establishing anti-bullying programs in school) /
Statement of responsibility, etc Marylendra A. Penetrante.
260 ## - PUBLICATION, DISTRIBUTION, ETC. (IMPRINT)
Place of publication, distribution, etc Quezon City :
Name of publisher, distributor, etc Wiseman's Book Trading,
Date of publication, distribution, etc 2009.
300 ## - PHYSICAL DESCRIPTION
Extent 44 p. :
Dimensions 23 cm.
521 ## - TARGET AUDIENCE NOTE
Target audience note
650 ## - SUBJECT ADDED ENTRY--TOPICAL TERM
Topical term or geographic name as entry element Bullying in schools.
General subdivision Prevention
942 ## - ADDED ENTRY ELEMENTS (KOHA)
Source of classification or shelving scheme Library of Congress Classification
Koha item type Books
Call number prefix Local
Holdings
Withdrawn status Lost status Source of classification or shelving scheme Damaged status Home library Current library Shelving location Date acquired Source of acquisition Total Checkouts Full call number Barcode Date last seen Copy number Price effective from Koha item type
    Dewey Decimal Classification   College Library College Library Filipiniana Section 02/07/2013 Library Fund   LB 3013.3 .P375 2009 C14016 05/08/2018 1 02/07/2013 Books

Fight the bully battle :

APA

Penetrante M. A., . (2009). Fight the bully battle. Quezon City: Wiseman's Book Trading.

Chicago

Penetrante Marylendra A, . 2009. Fight the bully battle. Quezon City: Wiseman's Book Trading.

Harvard

Penetrante M. A., . (2009). Fight the bully battle. Quezon City: Wiseman's Book Trading.

MLA

Penetrante Marylendra A, . Fight the bully battle. Quezon City: Wiseman's Book Trading. 2009.

  • Place hold
  • Print
  • Cite
  • Add to your cart (remove)
  • Save record
    BIBTEX Dublin Core MARCXML MARC (non-Unicode/MARC-8) MARC (Unicode/UTF-8) MARC (Unicode/UTF-8, Standard) MODS (XML) RIS
  • More searches
    Search for this title in:
    Other Libraries (WorldCat) Other Databases (Google Scholar) Online Stores (Bookfinder.com) Open Library (openlibrary.org)

Exporting to Dublin Core...

SOUTHVILLE LIBRARY

Southville International School and Colleges Library

1281 Tropical Ave. Cor. Luxembourg St., BF Homes International, Las Pinas City

Tel. No. 8256374 / 252358 Loc. 117/146

Powered by Koha